Plastické hmoty v stavebníctve /
Salvato in:
| Autori principali: | , |
|---|---|
| Natura: | Libro |
| Lingua: | slovacco |
| Pubblicazione: |
Bratislava:
Slovenské vydavateľstvo technickej literatúry,
1965
|
| Edizione: | 1. vyd. |
| Serie: | Edícia chemickej literatúry
|
| Tags: |
Nessun Tag, puoi essere il primo ad aggiungerne!!
|
MARC
| LEADER | 00000nam a22000003a 4500 | ||
|---|---|---|---|
| 001 | 0025154 | ||
| 003 | SK-STU | ||
| 005 | 20170711100223.2 | ||
| 007 | ta | ||
| 008 | 170711s ----xo-----e------000-0-----d | ||
| 040 | |a STU |b slo | ||
| 041 | 0 | |a slo |h slo | |
| 044 | |a xo | ||
| 100 | 1 | |a Palenčár, Zoltán |4 aut |r Z5 | |
| 245 | 1 | 0 | |a Plastické hmoty v stavebníctve / |c aut. Zoltán Palenčár, Valér Adam |
| 250 | |a 1. vyd. | ||
| 260 | |a Bratislava: |b Slovenské vydavateľstvo technickej literatúry, |c 1965 | ||
| 300 | |a 381 s. | ||
| 490 | 0 | |a Edícia chemickej literatúry | |
| 700 | 1 | |a Adam, Valér |4 aut | |
| 996 | |b 284V040659 |c V* 52677/O-23834 |l VVT |s A |a 24 |w 0025154_0001 | ||